| 000 | 00780nam a2200217 i 4500 | ||
|---|---|---|---|
| 001 | 97509 | ||
| 003 | ES-MaACL | ||
| 005 | 20230906182120.0 | ||
| 007 | t| | ||
| 008 | 050713s1969 sp ||||1| d | ||
| 100 | 1 |
_aMarch, James G. _976391 |
|
| 245 | 1 | 0 |
_aTeoría de la organización / _cpor James G. March y Herbert A. Simon; con la colaboración de Harold Puetzkow; prólogo de Antonio Serra Ramonedad; [traducido por Juan Maluquer Wahl]. |
| 250 | _a[2ª ed.]. | ||
| 260 |
_aBarcelona : _bAriel, _c1969. |
||
| 300 |
_aXXIII, 285 p. ; _c23 cm. |
||
| 700 | 1 |
_aSimon, Herbert Alexander. _9106512 |
|
| 700 | 1 |
_aGutezkaw, Harold Steeve. _961033 |
|
| 700 | 1 |
_aMaluquer Wahl, Juan J. _975884 |
|
| 700 | 1 |
_aSerra Ramoneda, Antonio. _9105656 |
|
| 852 |
_aES-MaACL _jE-5620 _bR.90153 |
||
| 999 |
_c97509 _d97509 |
||